000 00610nam a22001937a 4500
999 _c17521
_d17521
003 AR-CdUCM
008 190508b ||||| |||| 00| 0 spa d
040 _aMUNICIPALIDAD PROVINCIAL DEL CUSCO
_cBIBLIOTECA MUNICIPAL DEL CUSCO
082 _a629.2 /
_bS21
100 _aSan Pedro, Roberto
_937569
245 _aElectricidad del Automovil /
260 _aMexico :
_bCentro regional de ayuda tecnica,
_c1973.
300 _a298 paginas;
_c23 cm.
500 _aAutomovil y sus funciones electricas
650 _aAuto
_937570
650 _aElectricidad
_915840
942 _2ddc
_cLIBROS
945 _apjha
_d2019-05-08